[Event "Mittelrhein Verbandsliga Ost 1314"]
[Site "Mittelrhein"]
[Date "2014.01.19"]
[Round "6.8"]
[White "Hackbusch, Thomas"]
[Black "Bussard, Michael"]
[Result "1-0"]
[WhiteElo "1873"]
[BlackElo "1945"]
[PlyCount "68"]
[EventDate "2013.09.15"]
[EventType "team-tourn"]
[EventRounds "11"]
[EventCountry "GER"]
[SourceTitle "EXT 2023"]
[Source "ChessBase"]
[SourceDate "2022.10.05"]
[SourceVersion "1"]
[SourceVersionDate "2022.10.05"]
[SourceQuality "1"]
[WhiteTeam "Koeln Porz III"]
[BlackTeam "Niederkassel II"]
[WhiteTeamCountry "GER"]
[BlackTeamCountry "GER"]

1. d4 d5 2. Nf3 Nf6 3. c4 e6 4. Nc3 Be7 5. Bf4 Nh5 6. Be5 f6 7. Bg3 c6 8. e3 g6 9. Bd3 Nd7 10. Qc2 f5 11. Be5 Nxe5 12. Nxe5 Bd6 13. 0-0 Qf6 14. f4 Qg7 15. cxd5 exd5 16. Na4 Nf6 17. Nc5 Ne4 18. Bxe4 fxe4 19. b4 g5 20. Qe2 h5 21. Rac1 gxf4 22. exf4 Bg4 23. Qe3 Rg8 24. Rf2 a6 25. a4 Bxe5 26. fxe5 h4 27. Kh1 h3 28. g3 Bf3+ 29. Kg1 Qe7 30. Qh6 0-0-0 31. Qxh3+ Bg4 32. Qh6 Rdf8 33. Rcf1 Rxf2 34. Rxf2 Rf8 1-0

[Event "Mittelrhein Verbandsliga Ost 1314"]
[Site "Mittelrhein"]
[Date "2013.11.24"]
[Round "4.7"]
[White "Bussard, Michael"]
[Black "Winckler, Andreas"]
[Result "1-0"]
[WhiteElo "1945"]
[BlackElo "1745"]
[PlyCount "43"]
[EventDate "2013.09.15"]
[EventType "team-tourn"]
[EventRounds "11"]
[EventCountry "GER"]
[SourceTitle "EXT 2023"]
[Source "ChessBase"]
[SourceDate "2022.10.05"]
[SourceVersion "1"]
[SourceVersionDate "2022.10.05"]
[SourceQuality "1"]
[WhiteTeam "Niederkassel II"]
[BlackTeam "Bergische SF II"]
[WhiteTeamCountry "GER"]
[BlackTeamCountry "GER"]

1. e4 d6 2. d4 Nf6 3. Nc3 g6 4. f4 Bg7 5. Nf3 0-0 6. Be2 c6 7. 0-0 b5 8. e5 Ng4 9. h3 b4 10. Ne4 f5 11. Neg5 h6 12. hxg4 hxg5 13. Nxg5 Qb6 14. Kh2 Ba6 15. gxf5 Rxf5 16. g4 Bxe2 17. Qxe2 Rxg5 18. fxg5 Qxd4 19. exd6 Be5+ 20. Kh3 Bxd6 21. Qe6+ Kh8 22. Rf8+ 1-0